00450 2200169 4500001002100000008004100021035002000062245004100082100001600123260004700139300001300186020002200199084001400221082000800235650001800243990001900261INLIS000000000001575 ind  a0010-0724001575 aSnack Arisan Dan PiknikcSarah Weeks aSarah Weeks aJakarta :bPT Gramedia Putsaka Utamac2010 a208 hlm. a978-979-22-5571-3 a823 SAR s a823 aFiksi Inggris aP29/CP/24/1575